Statistiken für Landeshauptstädte Deutschlands - Satellitenbilder

Klicken Sie hier um das Quiz zu spielen!

Allgemein

  • Dieses Quiz wurde 243 mal gespielt
  • Das Durchschnittsergebnis liegt bei 7 aus 16

Antwortstatistiken

Antwort% Korrekt
Hamburg
85%
Berlin
64%
Kiel
61%
Schwerin
59%
Düsseldorf
48%
Mainz
47%
Stuttgart
44%
Bremen
42%
München
42%
Dresden
41%
Hannover
33%
Magdeburg
32%
Wiesbaden
32%
Potsdam
31%
Erfurt
29%
Saarbrücken
24%

Verteilung der Resultate

Perzentil nach korrekt beantworteten Fragen

Anzahl Personen mit jedem Resultat

Ihre Resultats-Entwicklung

Sie haben dieses Quiz noch nicht gespielt